000 00593nam a2200241Ia 4500
003 OSt
005 20221005114353.0
006 a|||||r|||| 00| 0
007 ta
008 221004b |||||||| |||| 00| 0 tam d
024 _a45493
037 _cTextual
040 _aCRL
_cCRL
_btam
041 _2tam
_atam
082 _aw21,M9, 31K2
100 _aChenduraimut thu
_9625868
245 0 _aArunthamigh adigalar
260 _c1956
300 _a131p.
_ccm.
650 _aBIOGRAPHY
942 _hw21,M9, 31K2
_cTEXL
_2cc
999 _c1031128
_d1031128